Tiếng Anh trong vi tính = Basic English used in informatics
Sách được trình bày theo 2 phầm: Text Book và Teacher Book, mỗi phần 28 bài. Dành cho học viên muốn tìm hiểu về vi tính và những giảng viên giảng dạy tiếng Anh chuyên ngành tin học.
Bewaard in:
| Hoofdauteur: | |
|---|---|
| Formaat: | Boek |
| Taal: | Undetermined |
| Gepubliceerd in: |
Hà Nội
Thống Kê
2001
|
| Onderwerpen: | |
| Tags: |
Voeg label toe
Geen labels, Wees de eerste die dit record labelt!
|
| Thư viện lưu trữ: | Trung tâm Học liệu Trường Đại học Cần Thơ |
|---|
| LEADER | 00974nam a2200229Ia 4500 | ||
|---|---|---|---|
| 001 | CTU_40642 | ||
| 008 | 210402s9999 xx 000 0 und d | ||
| 020 | |c 39000 | ||
| 082 | |a 428.24 | ||
| 082 | |b T527 | ||
| 100 | |a Trần, Thanh Tuyến | ||
| 245 | 0 | |a Tiếng Anh trong vi tính = | |
| 245 | 0 | |b Basic English used in informatics | |
| 245 | 0 | |c Trần Thanh Tuyến, Minh Trung | |
| 260 | |a Hà Nội | ||
| 260 | |b Thống Kê | ||
| 260 | |c 2001 | ||
| 520 | |a Sách được trình bày theo 2 phầm: Text Book và Teacher Book, mỗi phần 28 bài. Dành cho học viên muốn tìm hiểu về vi tính và những giảng viên giảng dạy tiếng Anh chuyên ngành tin học. | ||
| 650 | |a Tiếng Anh,English language | ||
| 650 | |x Sách giáo khoa cho người nước ngoài,Textbooks for foreign speakers | ||
| 904 | |i Minh, 010323 | ||
| 980 | |a Trung tâm Học liệu Trường Đại học Cần Thơ | ||